[Event "South Island Championship 2017"]
[Site "Dunedin, NZL"]
[Date "2017.10.14"]
[Round "7.2"]
[White "Gold, Hamish"]
[Black "Lukey, Stephen G"]
[Result "0-1"]
[WhiteElo "1726"]
[BlackElo "2188"]
[EventDate "2017.10.14"]

1.d4 Nf6 2.Nf3 g6 3.e3 Bg7 4.Bd3 d6 5.O-O O-O 6.c4 c5 7.Nc3 Bg4 8.h3 Bxf3 
9.Qxf3 Nc6 10.d5 Ne5 11.Qe2 Nxd3 12.Qxd3 a6 13.a4 b6 14.e4 Rb8 15.Bd2 e6 
16.Rae1 exd5 17.exd5 Qd7 18.Re2 Rfe8 19.Rfe1 Rxe2 20.Rxe2 Ne8 21.b3 Be5 
22.f4 Bg7 23.Ne4 b5 24.axb5 axb5 25.Bc3 bxc4 26.bxc4 Bxc3 27.Qxc3 Qf5 28.
Qf3 Qd7 29.Qc3 Qd8 30.Rb2 Rxb2 31.Qxb2 Qe7 32.Qe2 Kf8 33.Qf3 Qb7 34.f5 Qb2
35.fxg6 hxg6 36.Qe3 Qe5 37.Qh6+ Ng7 38.Qh4 Nf5 39.Qg4 Kg7 40.Ng5 Qa1+ 41.
Kh2 Qf1 42.Qf3 Qxf3 43.Nxf3 Ne3 44.Nd2 Kf6 45.Kg3 Ke5 46.Kf3 Kd4 47.g4 
Nxc4 48.Nxc4 Kxc4 49.h4 Kxd5 50.h5 gxh5 51.gxh5 Ke5 52.h6 Kf6 53.Ke4 Kg6 
0-1

[Event "South Island Championship 2017"]
[Site "Dunedin, NZL"]
[Date "2017.10.14"]
[Round "7.3"]
[White "Christie, Richie"]
[Black "Rains, Edward"]
[Result "1-0"]
[WhiteElo "1892"]
[BlackElo "2053"]
[EventDate "2017.10.14"]

1.d4 Nf6 2.Bf4 g6 3.Nc3 Bg7 4.e4 c5 5.d5 d6 6.Nf3 O-O 7.Be2 Bg4 8.e5 Nh5 
9.Bd2 dxe5 10.Nxe5 Bxe2 11.Qxe2 Na6 12.Ng4 Re8 13.O-O-O Nb4 14.Nh6+ Kf8 
15.Qf3 Nf6 16.Be3 Qa5 17.a3 Na6 18.Ne4 b5 19.d6 Qb6 20.Bg5 Rab8 21.dxe7+ 
Rxe7 22.Nxf6 Bxf6 23.Bxf6 Ree8 24.Be5 Rb7 25.Bd6+ Kg7 26.Ng4 f5 27.Qc3+ 
Kf7 28.Qf6+ 1-0

[Event "South Island Championship 2017"]
[Site "Dunedin NZL"]
[Date "2017.10.14"]
[Round "7.4"]
[White "Picken, Oliver"]
[Black "Jellyman, Riley"]
[Result "0-1"]
[WhiteElo "1949"]
[BlackElo "1876"]
[EventDate "2017.10.11"]

1.e4 e5 2.Nf3 Nc6 3.Nc3 Nf6 4.d4 exd4 5.Nd5 Be7 6.Nxd4 Nxd5 7.exd5 Nxd4 8.
Qxd4 O-O 9.Bd3 Bf6 10.Qf4 Re8+ 11.Kf1 d6 12.c3 h6 13.Qg3 Bh4 14.Qf3 Qf6 
15.Qxf6 Bxf6 16.Be3 c6 17.dxc6 bxc6 18.Re1 Be6 19.a3 Reb8 20.Re2 Rb3 21.
Bc1 Rab8 22.f3 Bxc3 23.Rxe6 fxe6 24.bxc3 Rxc3 25.Ke2 Kf7 26.a4 c5 27.Bd2 
Rb2 28.Rb1 Rxb1 29.Bxb1 Rb3 30.Bd3 d5 31.Bb5 c4 32.Be3 Rb2+ 33.Kd1 c3 34.
Bxa7 Rd2+ 35.Kc1 d4 36.a5 d3 37.Bd4 Rc2+ 38.Kd1 Rb2 39.Bxc3 Rxb5 40.a6 Rb6
41.Kd2 Rxa6 42.Kxd3 Ra2 43.Bd2 Kf6 44.h4 Ra3+ 45.Ke4 Ra4+ 46.Ke3 Rxh4 47.
Ba5 Ra4 48.Bd8+ Kf7 49.g3 e5 50.Bc7 Ke6 51.Bb6 h5 52.Kf2 Kf5 53.Bc7 Ra2+ 
54.Kg1 g5 55.Bb6 h4 56.gxh4 gxh4 57.Bd8 h3 58.Bc7 Kf4 59.Bd6 Re2 60.Bc5 
h2+ 61.Kh1 Kg3 62.Bb4 Rg2 63.Bc5 Rg1+ 0-1

[Event "South Island Championship 2017"]
[Site "Dunedin NZL"]
[Date "2017.10.14"]
[Round "7.5"]
[White "Cummings, Nick"]
[Black "Sarfas, Edward"]
[Result "1-0"]
[WhiteElo "2102"]
[BlackElo "1843"]
[EventDate "2017.10.11"]

1.Nf3 Nc6 2.d4 d5 3.c4 Nf6 4.cxd5 Nxd5 5.e4 Nb6 6.d5 Nb8 7.Nc3 a6 8.Be3 e6
9.dxe6 Qxd1+ 10.Rxd1 Bxe6 11.Bxb6 cxb6 12.Ng5 b5 13.Nxe6 fxe6 14.Be2 Bb4 
15.Rd3 Nc6 16.O-O Ne5 17.Rg3 Bxc3 18.Rxc3 Nc6 19.Rd1 Rd8 20.Rxd8+ Kxd8 21.
Bg4 Ke7 22.Kf1 b4 23.Rh3 h6 24.Bh5 Rf8 25.Rg3 g5 26.h4 Kf6 27.Ke2 Ne5 28.
Rb3 Nc6 29.Rf3+ Ke7 30.Rxf8 Kxf8 31.hxg5 hxg5 32.Kd3 Ke7 33.Kc4 Kd6 34.Be8
Ne5+ 35.Kd4 a5 36.f3 b6 37.b3 Nc6+ 38.Bxc6 Kxc6 39.Ke5 Kd7 40.Kf6 b5 41.
Kxg5 Ke7 42.f4 a4 43.f5 1-0

[Event "South Island Championship 2017"]
[Site "Dunedin NZL"]
[Date "2017.10.14"]
[Round "7.6"]
[White "Heperi, Dallin"]
[Black "Dolejs, Dan"]
[Result "0-1"]
[WhiteElo "1557"]
[BlackElo "1930"]
[EventDate "2017.10.11"]

1.e4 d5 2.exd5 Nf6 3.d4 Nxd5 4.c3 e6 5.Nf3 Be7 6.Bd3 b6 7.Qe2 Bb7 8.Bb5+ 
c6 9.Bd3 Nd7 10.a3 Qc7 11.g3 O-O 12.h4 c5 13.Ne5 Nxe5 14.dxe5 Nxc3 15.bxc3
Bxh1 16.f3 Rad8 17.Be4 f5 18.Bc2 Rd5 19.Bf4 h6 20.h5 Bg5 21.Nd2 Bxf4 22.
gxf4 Rfd8 23.O-O-O b5 24.Qxb5 c4 25.Qxc4 Qxc4 26.Nxc4 Bxf3 27.Rxd5 Rxd5 
28.Nd6 Rc5 29.Kb2 Kf8 30.Bb3 Ke7 31.a4 Bxh5 32.Nb5 a6 33.Nd4 Bf7 34.Nf3 a5
35.Kc2 Be8 36.Kd3 Rc7 37.Nd4 Bd7 38.Nb5 Rb7 39.c4 Bc6 40.Bd1 Rd7+ 41.Nd6 
g5 42.c5 g4 43.Ke3 g3 44.Bc2 g2 45.Kf2 Rc7 46.Bd1 Bd5 47.Nb5 Rxc5 48.Nd4 
Rc1 49.Be2 g1=Q# 0-1

[Event "South Island Championship 2017"]
[Site "Dunedin, NZL"]
[Date "2017.10.14"]
[Round "7.7"]
[White "Brockway, Andrew"]
[Black "Duffield, Terence"]
[Result "1-0"]
[WhiteElo "1716"]
[BlackElo "1755"]
[EventDate "2017.10.14"]

1.e4 e5 2.Nf3 Nc6 3.Bb5 Nf6 4.O-O a6 5.Bxc6 dxc6 6.Nxe5 Be7 7.Re1 O-O 8.d4
Bd6 9.Nf3 Bb4 10.c3 Ba5 11.Bg5 h6 12.Bh4 g5 13.Bg3 Bg4 14.Nbd2 Re8 15.Qc2 
Bh5 16.Ne5 Nd7 17.Nec4 Bb6 18.Nxb6 Nxb6 19.f3 Bg6 20.Qd1 Qd7 21.f4 Kg7 22.
f5 Bh7 23.Qg4 f6 24.Rf1 Re7 25.Rae1 Rae8 26.Nb3 Na4 27.Re2 c5 28.Rfe1 c4 
29.Nc1 Nxb2 30.Rxb2 Rxe4 31.Rxe4 Bxf5 32.Qxf5 Qxf5 33.Rxe8 Qd7 34.Rbe2 Kg6
35.R2e7 Qa4 36.Ne2 b5 37.Rg8+ Kh5 38.Rxc7 Qxa2 39.Kf2 b4 40.cxb4 f5 41.
Rgc8 Qd2 42.Rxc4 f4 43.Bxf4 gxf4 44.Rg8 1-0

[Event "South Island Championship 2017"]
[Site "Dunedin NZL"]
[Date "2017.10.14"]
[Round "7.8"]
[White "Lough, Max"]
[Black "De Briey, Aurian"]
[Result "1/2-1/2"]
[WhiteElo "1528"]
[BlackElo "1540"]
[EventDate "2017.10.11"]

1.e4 c6 2.d4 d5 3.e5 Bf5 4.Nf3 e6 5.Be2 c5 6.c3 Nc6 7.Qb3 b6 8.Bb5 Qc7 9.
O-O Bg4 10.Nbd2 Ne7 11.c4 dxc4 12.Nxc4 a6 13.Nd6+ Kd7 14.Bxc6+ Nxc6 15.
dxc5 bxc5 16.Nxf7 Rg8 17.N3g5 h6 18.h3 Bf5 19.Nd6 Nd4 20.Qa4+ Qc6 21.Qxc6+
Kxc6 22.Nxf5 exf5 23.Nf3 Re8 24.Nxd4+ cxd4 25.f4 Bc5 26.g3 Re7 27.Kg2 Rd8 
28.b3 Red7 29.Bb2 d3 30.Rfd1 Kb5 31.Bc3 1/2-1/2

[Event "South Island Championship 2017"]
[Site "Dunedin NZL"]
[Date "2017.10.14"]
[Round "7.9"]
[White "Weng, Xintong (Winston)"]
[Black "Clarkson, Robert D"]
[Result "1/2-1/2"]
[WhiteElo "1171"]
[BlackElo "1631"]
[EventDate "2017.10.11"]

1.c4 Nf6 2.Nc3 c5 3.g3 e6 4.Bg2 Be7 5.e4 Nc6 6.Nge2 d6 7.O-O O-O 8.d3 Qc7 
9.f4 Bd7 10.h3 h5 11.Be3 Nh7 12.f5 Qb8 13.Qd2 Bf6 14.g4 hxg4 15.hxg4 Nd4 
16.g5 Nxe2+ 17.Nxe2 Be5 18.Bh3 exf5 19.Bxf5 Bxf5 20.exf5 g6 21.Rf2 Qd8 22.
Raf1 Qe7 23.Nc3 Bxc3 24.bxc3 Rae8 25.fxg6 fxg6 26.Rxf8+ Nxf8 1/2-1/2

[Event "South Island Championship 2017"]
[Site "Dunedin NZL"]
[Date "2017.10.14"]
[Round "7.10"]
[White "Black, Ross"]
[Black "Murdoch, Stephen"]
[Result "1-0"]
[WhiteElo "1790"]
[BlackElo "1598"]
[EventDate "2017.10.11"]

1.e4 c6 2.Nf3 d5 3.exd5 cxd5 4.d4 Nc6 5.Be2 Bf5 6.c3 e6 7.Bf4 Nf6 8.Nbd2 
Bd6 9.Ne5 O-O 10.g4 Bg6 11.h4 h6 12.g5 hxg5 13.hxg5 Nh7 14.Ndf3 Be7 15.Qd2
Be4 16.Bd3 Nxe5 17.dxe5 Nxg5 18.Bxg5 Bxg5 19.Nxg5 Bxh1 20.O-O-O Be4 21.f4 
Re8 22.Bxe4 dxe4 23.Qh2 Qc7 24.Qh7+ Kf8 25.Qh8+ Ke7 26.Qxg7 Rf8 27.Nxe6 
1-0

[Event "South Island Championship 2017"]
[Site "Dunedin NZL"]
[Date "2017.10.14"]
[Round "7.11"]
[White "Stevenson, Michael"]
[Black "Lukey, Bryce"]
[Result "1-0"]
[WhiteElo "1498"]
[BlackElo "1538"]
[EventDate "2017.10.11"]

1.d4 Nf6 2.c4 c5 3.d5 b5 4.cxb5 a6 5.Nc3 d6 6.e4 Nbd7 7.bxa6 Bxa6 8.Bxa6 
Rxa6 9.Nf3 g6 10.O-O Bg7 11.Bg5 Qa5 12.Qd2 O-O 13.Rfe1 Kh8 14.Bh6 Rb8 15.
Bxg7+ Kxg7 16.e5 Ne8 17.e6 fxe6 18.Rxe6 Nef6 19.Rxe7+ Kf8 20.Rae1 Ne5 21.
Nxe5 dxe5 22.R7xe5 Qc7 23.Qh6+ Kf7 24.Qe3 Rb7 25.Qf3 Rxb2 26.Qd3 Rab6 27.
Na4 Ng4 28.Qf3+ Kg7 29.Re7+ Qxe7 30.Rxe7+ Kh6 31.Nxb2 Rxb2 32.Re1 1-0

[Event "South Island Championship 2017"]
[Site "Dunedin, NZL"]
[Date "2017.10.14"]
[Round "8.1"]
[White "Punsalan, Vyanla M"]
[Black "Christie, Richie"]
[Result "1/2-1/2"]
[WhiteElo "1892"]
[BlackElo "1892"]
[EventDate "2017.10.14"]

1.e4 Nf6 2.e5 Nd5 3.d4 d6 4.Nf3 dxe5 5.Nxe5 c6 6.Bd3 g6 7.h4 Nd7 8.Bd2 
Nxe5 9.dxe5 Bg7 10.f4 Qb6 11.Qc1 Qd4 12.Nc3 Nb4 13.Be4 Bf5 14.Be3 Qc4 15.
Bxf5 gxf5 16.a3 Nd5 17.Nxd5 cxd5 18.Qd2 Rc8 19.c3 e6 20.Rd1 b6 1/2-1/2

[Event "South Island Championship 2017"]
[Site "Dunedin NZL"]
[Date "2017.10.14"]
[Round "8.3"]
[White "Rains, Edward"]
[Black "Jellyman, Riley"]
[Result "0-1"]
[WhiteElo "2150"]
[BlackElo "1876"]
[EventDate "2017.10.11"]

1.e4 e5 2.Nf3 Nc6 3.Bc4 Bc5 4.d3 Nf6 5.Bb3 O-O 6.c3 d6 7.Nbd2 Be6 8.Bc2 
Re8 9.h3 a6 10.Nf1 d5 11.Qe2 b5 12.Ng5 Bc8 13.a3 a5 14.Ng3 h6 15.Nf3 Be6 
16.O-O d4 17.Nh4 a4 18.Nhf5 Bb6 19.Bd2 Ne7 20.Qf3 Nxf5 21.Nxf5 Bxf5 22.
exf5 Qd5 23.Qg3 Kh7 24.Rae1 e4 25.dxe4 Nxe4 26.f6 g6 27.Qf3 dxc3 28.Bxe4 
cxd2 29.Re3 Rxe4 30.Rxe4 Rd8 31.Rd1 Rd6 32.Re7 Qc4 33.Qa8 Rxf6 34.Re8 Rxf2
35.Rh8+ Kg7 36.Qf8+ Kf6 37.Qd8+ Kf5 38.Qd7+ Qe6 39.Qxe6+ Kxe6 40.Kh2 Bd4 
41.Re8+ Kd5 42.Kg3 Kc4 43.Re4 Rf6 44.Rxd2 c5 45.Ree2 Rf5 46.Kh2 Be5+ 47.g3
Bd4 48.Kg2 Kb3 49.Rd3+ Kc4 50.Rdd2 Re5 51.Rc2+ Kb3 52.Red2 Re3 53.g4 h5 
54.gxh5 gxh5 55.Rc1 h4 56.Rcd1 f5 57.Rc1 f4 58.Rf1 Rg3+ 59.Kh2 Be3 60.Re2 
Rg5 61.Rd1 Bd4 62.Rd3+ Kc4 63.Rf3 Be3 64.Rf1 Kb3 65.Rd1 Rg3 66.Rd3+ Kc4 
67.Rd1 Bd4 68.Rc1+ Kb3 69.Rd1 f3 70.Red2 f2 71.Rf1 Rg1 72.Rfxf2 Bxf2 73.
Rxf2 Rb1 74.Rf4 Rxb2+ 75.Kg1 c4 76.Rf3+ c3 77.Kf1 Rb1+ 78.Ke2 Kb2 79.Rf2 
Kxa3 80.Kd3 b4 81.Rc2 Rd1+ 82.Kc4 Rd2 83.Rc1 Kb2 84.Re1 c2 0-1

[Event "South Island Championship 2017"]
[Site "Dunedin NZL"]
[Date "2017.10.14"]
[Round "8.4"]
[White "Gold, Hamish R"]
[Black "Cummings, Nick"]
[Result "0-1"]
[WhiteElo "1756"]
[BlackElo "2102"]
[EventDate "2017.10.11"]

1.d4 Nf6 2.Nf3 e6 3.e3 b6 4.Bd3 Bb7 5.Nbd2 c5 6.c3 Nc6 7.Ne5 d6 8.Nxc6 
Bxc6 9.e4 Qd7 10.Qe2 Qb7 11.d5 Bd7 12.c4 e5 13.O-O g5 14.a4 a6 15.a5 b5 
16.cxb5 axb5 17.Qf3 Be7 18.Bc2 h6 19.Qb3 Bd8 20.Nc4 Qa6 21.Nb6 Bxb6 22.
axb6 Qxa1 23.Bxg5 Qxf1+ 24.Kxf1 hxg5 25.Qf3 Ke7 26.h3 Rhb8 27.Qe3 Rg8 28.
Qc3 b4 29.Qc4 Rgb8 30.Qd3 Rxb6 31.Qg3 Bb5+ 32.Ke1 Ra2 33.Qb3 Rba6 34.Kd2 
Ra8 35.f3 Ra1 36.Qe3 Rg8 37.Bd3 Bxd3 38.Qxd3 Rg1 39.Qb5 Rxg2+ 40.Kc1 Rh8 
41.Qf1 Rh2 42.Qg1 R8xh3 43.Qxg5 c4 44.f4 Re2 45.Kd1 Rxb2 46.Kc1 Ra2 47.Kb1
b3 0-1

[Event "South Island Championship 2017"]
[Site "Dunedin NZL"]
[Date "2017.10.14"]
[Round "8.5"]
[White "Dolejs, Dan"]
[Black "Brockway, Andrew"]
[Result "1/2-1/2"]
[WhiteElo "1930"]
[BlackElo "1899"]
[EventDate "2017.10.11"]

1.e4 c5 2.d4 cxd4 3.Nf3 g6 4.Bc4 Nc6 5.O-O Bg7 6.c3 e6 7.cxd4 d5 8.exd5 
exd5 9.Bb3 Nge7 10.Bg5 O-O 11.Re1 f6 12.Bh4 Bg4 13.Re3 Nf5 14.Re4 Bxf3 15.
gxf3 Kh8 16.Rf4 Nh6 17.Qd3 g5 18.Bxg5 fxg5 19.Bc2 Nf5 20.Rxf5 Rxf5 21.Qxf5
Qg8 22.Nd2 Nxd4 23.Qd3 Nxc2 24.Qxc2 Rc8 25.Qb3 Rc7 26.Rd1 Qf7 1/2-1/2

[Event "South Island Championship 2017"]
[Site "Dunedin NZL"]
[Date "2017.10.14"]
[Round "8.6"]
[White "De Briey, Aurian"]
[Black "Black, Ross"]
[Result "1/2-1/2"]
[WhiteElo "1540"]
[BlackElo "1790"]
[EventDate "2017.10.11"]

1.d4 Nf6 2.c4 e6 3.Nc3 d5 4.Bg5 Be7 5.e3 Nbd7 6.Nf3 c5 7.Qb3 Qb6 8.Qxb6 
Nxb6 9.cxd5 cxd4 10.Nb5 Bb4+ 11.Kd1 O-O 12.Bxf6 gxf6 13.Nbxd4 Nxd5 14.Bd3 
Bd7 15.Ke2 Rac8 16.Rac1 a6 17.Be4 Kg7 18.Bxd5 exd5 19.Rhd1 Be6 20.Rc2 
Rxc2+ 21.Nxc2 Bd6 22.b3 Rc8 23.Ncd4 Be5 24.Nh4 Bxd4 25.Rxd4 Rc2+ 26.Rd2 
Rxd2+ 27.Kxd2 Kf8 28.b4 Ke7 29.a4 b6 30.a5 bxa5 31.bxa5 Kd6 32.Nf3 Kc5 33.
Nd4 Kb4 34.Nc6+ Kb5 35.Nd4+ Kxa5 36.Kc3 Ka4 37.Kb2 a5 38.g3 Bd7 39.h4 Kb4 
40.h5 a4 41.h6 Kc4 42.Ne2 Bg4 43.Nf4 d4 44.exd4 Kxd4 45.Ka3 Ke4 46.Kxa4 
Kf5 47.Kb3 Kg5 48.Kc3 Kxh6 49.Kd3 Kg5 50.Ke3 h5 51.Ng2 Bd7 52.Nf4 1/2-1/2

[Event "South Island Championship 2017"]
[Site "Dunedin NZL"]
[Date "2017.10.14"]
[Round "8.7"]
[White "Duffield, Terence"]
[Black "Picken, Oliver"]
[Result "0-1"]
[WhiteElo "1820"]
[BlackElo "1949"]
[EventDate "2017.10.11"]

1.e4 c5 2.d4 cxd4 3.c3 dxc3 4.Nxc3 e6 5.Nf3 d6 6.Bc4 a6 7.O-O b5 8.Bb3 Ra7
9.Qe2 Rd7 10.Rd1 Bb7 11.Bf4 Nf6 12.h3 Be7 13.e5 Nh5 14.Bh2 g6 15.Bd5 exd5 
16.exd6 Rxd6 17.Bxd6 Qxd6 18.Ne4 Qe6 19.Nc3 Qxe2 20.Nxe2 O-O 21.Rac1 Rc8 
22.g4 Nf6 23.Nf4 Rxc1 24.Rxc1 Nc6 25.g5 Ne4 26.Nxd5 Bxg5 27.Nxg5 Nxg5 28.
h4 Nf3+ 29.Kf1 Nxh4 30.Rxc6 Bxc6 31.Ne7+ Kf8 32.Nxc6 Nf5 33.b4 Ne7 34.Nb8 
Nd5 35.a3 Nc7 36.Ke2 Ke7 37.Kd3 h5 38.Ke4 Kd6 39.f3 h4 40.Kf4 f5 41.Ke3 g5
42.Kf2 g4 43.Kg2 Ne6 44.Nxa6 Kc6 45.Nb8+ Kc7 46.Na6+ Kb7 47.fxg4 fxg4 0-1

[Event "South Island Championship 2017"]
[Site "Dunedin NZL"]
[Date "2017.10.14"]
[Round "8.8"]
[White "Sarfas, Edward"]
[Black "Weng, Xintong (Winston)"]
[Result "1/2-1/2"]
[WhiteElo "1843"]
[BlackElo "1171"]
[EventDate "2017.10.11"]

1.e4 c5 2.Nf3 e6 3.d4 cxd4 4.Nxd4 a6 5.Be2 Qc7 6.O-O Nf6 7.Bf3 Nc6 8.c3 
Be7 9.Re1 d6 10.Be3 O-O 11.Nd2 h6 12.Nxc6 bxc6 13.c4 Bb7 14.Qc2 Rfc8 15.c5
d5 16.e5 Nd7 17.Bd4 a5 18.Rac1 Rab8 19.Bd1 Ba6 20.Nf3 Qa7 21.b3 Rb5 22.Be2
Rbb8 23.Bd1 Rb5 24.a4 Rbb8 25.Qc3 Bb7 26.g3 Ba8 27.Nd2 Re8 28.Qe3 f6 29.
Bh5 fxe5 30.Bxe8 Rxe8 31.Bxe5 Bxc5 32.Rxc5 Qxc5 33.Bd4 Qd6 34.f4 c5 35.Be5
Nxe5 36.Qxe5 Qxe5 37.Rxe5 Kf7 38.Kf2 Bb7 39.Ke3 Ba6 40.Kf2 Rc8 41.f5 d4 
42.Rxe6 Bd3 43.g4 Re8 44.Rxe8 Kxe8 45.Kg3 Kf7 46.Kf4 Bc2 47.h4 c4 48.Nxc4 
Bxb3 49.Nxa5 Bxa4 50.Ke4 Bd1 51.Kxd4 Bxg4 52.Ke5 g5 53.fxg6+ Kxg6 54.Nc4 
1/2-1/2

[Event "South Island Championship 2017"]
[Site "Dunedin NZL"]
[Date "2017.10.14"]
[Round "8.9"]
[White "Clarkson, Robert D"]
[Black "Heperi, Dallin"]
[Result "1/2-1/2"]
[WhiteElo "1631"]
[BlackElo "1557"]
[EventDate "2017.10.11"]

1.a3 d5 2.d4 Bf5 3.Bf4 Nf6 4.Nc3 c6 5.h3 Nbd7 6.Nf3 e6 7.e3 Be7 8.Bd3 Bg6 
9.Bxg6 hxg6 10.Ne5 Nxe5 11.dxe5 Nh5 12.Bh2 Bh4 13.g3 Be7 14.g4 Bh4 15.gxh5
Rxh5 16.Bf4 Rf5 17.Rh2 Qe7 18.Qe2 O-O-O 19.O-O-O d4 20.Ne4 Rd5 21.Nd6+ Kb8
22.Nxf5 gxf5 23.Rxd4 g5 24.Rxd5 cxd5 25.Bg3 Bxg3 26.fxg3 Qc7 27.g4 Qxe5 
28.gxf5 exf5 29.Rf2 a6 30.Qd2 Qe4 31.Rh2 Qf3 32.Qf2 Qe4 33.Qg3+ f4 34.Qxg5
Qxe3+ 35.Rd2 Qe1+ 36.Rd1 Qe3+ 1/2-1/2

[Event "South Island Championship 2017"]
[Site "Dunedin NZL"]
[Date "2017.10.14"]
[Round "8.11"]
[White "Murdoch, Stephen"]
[Black "Lukey, Bryce"]
[Result "1-0"]
[WhiteElo "1598"]
[BlackElo "1538"]
[EventDate "2017.10.11"]

1.Nf3 d5 2.g3 Nf6 3.Bg2 g6 4.O-O Bg7 5.d3 O-O 6.Nbd2 Nbd7 7.e4 c6 8.e5 Ne8
9.d4 Nc7 10.Re1 c5 11.c3 b6 12.Nh4 Bb7 13.f4 e6 14.Nf1 Re8 15.Nf3 Rc8 16.
Ne3 Qe7 17.a4 Bf8 18.h4 h5 19.g4 hxg4 20.Nxg4 Bg7 21.Ng5 Red8 22.Kf2 Ne8 
23.Nh2 Bh8 24.h5 Nf8 25.h6 Nh7 26.Bh3 Rc7 27.Ng4 Rcc8 28.Kg3 Rc7 29.Bf1 a5
30.Bd3 Rcc8 31.Qc2 Rc7 32.Bxg6 fxg6 33.Qxg6+ Kf8 34.Nxe6+ 1-0